[Event "5th Essent op"]
[Site "Hoogeveen NED"]
[Date "2001.10.13"]
[Round "2.18"]
[White "Peek, Maurice"]
[Black "Hulshof, Peter"]
[Result "1/2-1/2"]
[WhiteElo "2309"]
[BlackElo "2200"]
[EventDate "2001.10.12"]
[PlyCount "38"]

1.d4 g6 2.c4 Bg7 3.Nc3 c6 4.e4 d6 5.Be3 a6 6.Nf3 Nf6 7.Qb3 O-O 8.a4 a5 9.
Be2 Na6 10.O-O Qc7 11.h3 Nd7 12.Qc2 e5 13.Rad1 Re8 14.Qd2 exd4 15.Nxd4 
Ndc5 16.f3 Nb4 17.Bf2 b6 18.Kh1 Ba6 19.Rb1 Rad8 1/2-1/2

[Event "5th Essent op"]
[Site "Hoogeveen NED"]
[Date "2001.10.13"]
[Round "2.19"]
[White "Boersma, Jan"]
[Black "Markus, John Raymond"]
[Result "1/2-1/2"]
[WhiteElo "2193"]
[BlackElo "2253"]
[EventDate "2001.10.12"]
[PlyCount "84"]

1.Nc3 Nf6 2.e4 e5 3.Nf3 d6 4.d4 Nbd7 5.Bc4 h6 6.O-O c6 7.dxe5 dxe5 8.a4 
Qc7 9.Nh4 g5 10.Nf5 Nb6 11.Ne3 Nxc4 12.Nxc4 Bg4 13.Qd3 Bc5 14.Be3 Bxe3 15.
Qxe3 Be6 16.Qc5 Bxc4 17.Qxc4 O-O-O 18.Rad1 Nh5 19.b4 Nf4 20.a5 Ne6 21.a6 
b5 22.Qe2 Nd4 23.Qh5 Qe7 24.Na2 Qe6 25.Nc1 Nxc2 26.Nd3 Nd4 27.Rc1 g4 28.
Nc5 Ne2+ 29.Kh1 Qg6 30.Qxe5 Rhe8 31.Qb2 Nxc1 32.Qxc1 Rd4 33.Qe3 Red8 34.h4
Rd1 35.Rxd1 Rxd1+ 36.Kh2 Qd6+ 37.e5 Qd4 38.Qxh6 Qxe5+ 39.g3 Qd6 40.Qg7 Qg6
41.Qf8+ Rd8 42.Qe7 Rd2 1/2-1/2

[Event "5th Essent op"]
[Site "Hoogeveen NED"]
[Date "2001.10.13"]
[Round "2.20"]
[White "De Mie, Mariska"]
[Black "Archangelsky, Mikhail"]
[Result "0-1"]
[WhiteElo "2161"]
[BlackElo "2395"]
[EventDate "2001.10.12"]
[PlyCount "98"]

1.e4 e6 2.Nf3 d5 3.Nc3 Nf6 4.e5 Nfd7 5.d4 c5 6.Bb5 Nc6 7.O-O Be7 8.Re1 a6 
9.Bxc6 bxc6 10.Ne2 cxd4 11.Qxd4 O-O 12.Qg4 f5 13.Qh5 Nc5 14.Ned4 Bd7 15.
Ng5 h6 16.Nh3 Qe8 17.Qxe8 Raxe8 18.Nf4 Kf7 19.b4 Ne4 20.Nd3 c5 21.bxc5 
Nxc5 22.Nf4 g5 23.Nfe2 Rb8 24.Ba3 Rb7 25.Nb3 Rc8 26.Bxc5 Bxc5 27.Nxc5 Rxc5
28.Rec1 Rbc7 29.Nd4 Ba4 30.Kf1 Bxc2 31.Ke1 Rc4 32.Nxc2 Rxc2 33.Rxc2 Rxc2 
34.Rb1 Rxa2 35.Rb7+ Kg6 36.Rb6 f4 37.Rxe6+ Kf5 38.Re8 Ke4 39.e6 Kd3 40.f3 
Ke3 41.Kd1 Rd2+ 42.Kc1 Re2 43.Rc8 Kd3 44.Rc6 a5 45.Rc5 d4 46.Rxa5 Re1+ 47.
Kb2 Rxe6 48.Ra3+ Kd2 49.Ra2 Rb6+ 0-1

[Event "5th Essent op"]
[Site "Hoogeveen NED"]
[Date "2001.10.13"]
[Round "2.21"]
[White "Span, Paul"]
[Black "Epishin, Vladimir"]
[Result "0-1"]
[WhiteElo "2223"]
[BlackElo "2583"]
[EventDate "2001.10.12"]
[PlyCount "104"]

1.e4 c5 2.c3 e6 3.d4 d5 4.exd5 Qxd5 5.Na3 Bd7 6.Nb5 Bxb5 7.Bxb5+ Nc6 8.Qf3
O-O-O 9.Bxc6 bxc6 10.Be3 Nf6 11.c4 Qe4 12.Qxe4 Nxe4 13.Nf3 cxd4 14.Bxd4 
Bc5 15.Bxc5 Nxc5 16.Ne5 Nd3+ 17.Nxd3 Rxd3 18.Rd1 Rhd8 19.Rxd3 Rxd3 20.Ke2 
Rd4 21.Rc1 Kc7 22.Rc3 a5 23.Ke3 Rh4 24.h3 g5 25.Ra3 Kb6 26.Rb3+ Kc5 27.Rb7
f5 28.b3 Re4+ 29.Kd3 h5 30.Rg7 g4 31.h4 Re1 32.Ra7 Kb6 33.Re7 f4 34.Rf7 e5
35.Rf5 Rg1 36.Ke2 Rxg2 37.Kf1 Rh2 38.Rxh5 e4 39.Re5 e3 40.fxe3 f3 41.Rg5 
Rxh4 42.Kg1 c5 43.Rg6+ Kc7 44.e4 Kd7 45.e5 Ke8 46.e6 Ke7 47.a3 Kd6 48.Rf6 
Rh3 49.Kf2 Rh2+ 50.Ke3 Ke5 51.Rg6 Kf5 52.Rg7 Re2+ 0-1

[Event "5th Essent op"]
[Site "Hoogeveen NED"]
[Date "2001.10.13"]
[Round "2.22"]
[White "Berelowitsch, Alexander"]
[Black "Klenburg, Mikhail"]
[Result "1/2-1/2"]
[WhiteElo "2512"]
[BlackElo "2341"]
[EventDate "2001.10.12"]
[PlyCount "60"]

1.e4 d6 2.d4 Nf6 3.Nc3 g6 4.f4 Bg7 5.Nf3 c5 6.Bb5+ Bd7 7.e5 Ng4 8.e6 Bxb5 
9.exf7+ Kd7 10.Nxb5 Qa5+ 11.Nc3 cxd4 12.Nxd4 Bxd4 13.Qxd4 Nc6 14.Qc4 Qb6 
15.Qe2 h5 16.h3 Nh6 17.Bd2 Nf5 18.O-O-O Ng3 19.Qd3 Nxh1 20.Rxh1 Raf8 21.
Qxg6 Qa6 22.Qf5+ e6 23.Qg6 Qa5 24.Qd3 Rxf7 25.Kb1 Qf5 26.Ne4 Qd5 27.Qe2 
Nd4 28.Qd3 Nc6 29.Qe2 Nd4 30.Qd3 Nc6 1/2-1/2

[Event "5th Essent op"]
[Site "Hoogeveen NED"]
[Date "2001.10.14"]
[Round "3.1"]
[White "Goloshchapov, Alexander"]
[Black "Gurevich, Mikhail"]
[Result "0-1"]
[WhiteElo "2550"]
[BlackElo "2605"]
[EventDate "2001.10.12"]
[PlyCount "110"]

1.e4 e6 2.d4 d5 3.Nc3 Nf6 4.Bg5 dxe4 5.Nxe4 Be7 6.Bxf6 Bxf6 7.Nf3 Nd7 8.
Bc4 a6 9.Qe2 b5 10.Bd5 Rb8 11.Bc6 O-O 12.O-O-O Rb6 13.d5 exd5 14.Bxd5 c6 
15.Bb3 c5 16.Nxc5 Bxb2+ 17.Kb1 Bf6 18.Nxd7 Bxd7 19.Ne5 Bxe5 20.Qxe5 Qc8 
21.Rd6 Rxd6 22.Qxd6 a5 23.Re1 a4 24.Bd5 Bf5 25.Qc6 Qd8 26.Re5 g6 27.Qc5 
Qh4 28.g3 Qxh2 29.Qe3 Qg1+ 30.Qe1 Qxe1+ 31.Rxe1 Rd8 32.Re5 Kg7 33.a3 f6 
34.Re7+ Kf8 35.Rf7+ Ke8 36.Ba2 Rd1+ 37.Kb2 Rd2 38.Rc7 Rxf2 39.Bd5 Kd8 40.
Rc3 Re2 41.Bc6 Re5 42.Kc1 h5 43.Kd2 g5 44.Bf3 h4 45.gxh4 gxh4 46.Rc6 Ke7 
47.Rc7+ Kf8 48.c4 h3 49.cxb5 Rxb5 50.Rc4 Rb2+ 51.Kc3 Rb3+ 52.Kd2 Bd7 53.
Rc7 Ke8 54.Bc6 Bxc6 55.Rxc6 Kf7 0-1

[Event "5th Essent op"]
[Site "Hoogeveen NED"]
[Date "2001.10.14"]
[Round "3.2"]
[White "Vuilleumier, Alexandre"]
[Black "Plasman, Hans"]
[Result "0-1"]
[WhiteElo "2150"]
[BlackElo "2217"]
[EventDate "2001.10.12"]
[PlyCount "134"]

1.e4 e5 2.Nf3 Nc6 3.Bb5 f5 4.Qe2 fxe4 5.Bxc6 dxc6 6.Qxe4 Bd6 7.d3 Nf6 8.
Qh4 O-O 9.Bg5 Qe8 10.Bxf6 Rxf6 11.Ng5 Qg6 12.Ne4 Rf4 13.Qd8+ Bf8 14.Nbd2 
Qxg2 15.O-O-O Qg4 16.Rhg1 Qe6 17.Rg3 Qe7 18.Qxe7 Bxe7 19.Rdg1 g6 20.Re3 b5
21.f3 Bf5 22.Rg2 Bd6 23.Nf6+ Kh8 24.Ng4 Re8 25.Ne4 Rf8 26.Ng5 Bxg4 27.fxg4
Rf1+ 28.Kd2 e4 29.Ne6 R8f2+ 30.Re2 Rxg2 31.Rxg2 exd3 32.Kxd3 Rd1+ 33.Ke2 
Rh1 34.Nd4 Rxh2 35.Rxh2 Bxh2 36.Nxc6 Bg1 37.c4 bxc4 38.Ne5 Kg7 39.Kf3 c3 
40.bxc3 Kf6 41.Ke4 Bf2 42.Nd3 Bg3 43.Nb4 Ke6 44.Nc6 Bf2 45.Ne5 Be1 46.Nc6 
a6 47.Nd4+ Kd6 48.c4 c6 49.Nb3 Bf2 50.Nc1 Bh4 51.Nd3 Bf6 52.c5+ Kd7 53.a4 
a5 54.Nf4 Be7 55.Nd3 Bf6 56.Nf4 Bc3 57.Nd3 Ke6 58.Nc1 h5 59.gxh5 gxh5 60.
Nd3 h4 61.Nf2 Be5 62.Nh3 Bg3 63.Ng5+ Kf6 64.Nh3 Bb8 65.Ng1 Ba7 66.Nf3 h3 
67.Kf4 h2 0-1

[Event "5th Essent op"]
[Site "Hoogeveen NED"]
[Date "2001.10.14"]
[Round "3.3"]
[White "Boersma, Jan"]
[Black "Peek, Maurice"]
[Result "1/2-1/2"]
[WhiteElo "2193"]
[BlackElo "2309"]
[EventDate "2001.10.12"]
[PlyCount "84"]

1.Nc3 d5 2.e4 dxe4 3.Nxe4 e5 4.Bc4 Nc6 5.Nf3 Be7 6.d3 Bg4 7.h3 Bh5 8.a3 f5
9.Ng3 Bg6 10.Qe2 Qd6 11.Bb5 Bf6 12.Bxc6+ Qxc6 13.Nxe5 Bxe5 14.Qxe5+ Kf7 
15.O-O Re8 16.Qd4 Nf6 17.Bd2 Rd8 18.Qc3 Qxc3 19.Bxc3 Nh5 20.Nxh5 Bxh5 21.
Rfe1 Rhe8 22.f4 Kf8 23.Be5 Rd7 24.Kf2 Bf7 25.Re3 c5 26.Rae1 Red8 27.g4 Bg6
28.Bc3 fxg4 29.hxg4 Re8 30.Rxe8+ Bxe8 31.Re5 Rc7 32.Rxc5 Rxc5 33.Bb4 b6 
34.d4 a5 35.dxc5 axb4 36.cxb6 bxa3 37.bxa3 Bc6 38.Ke3 Ke7 39.f5 h6 40.Kf4 
Kd6 41.a4 Bxa4 42.g5 hxg5+ 1/2-1/2

[Event "5th Essent op"]
[Site "Hoogeveen NED"]
[Date "2001.10.14"]
[Round "3.4"]
[White "Naes, Flovin Tor"]
[Black "Potze, Rudolf"]
[Result "0-1"]
[WhiteElo "2223"]
[BlackElo "2145"]
[EventDate "2001.10.12"]
[PlyCount "80"]

1.Nf3 Nf6 2.c4 g6 3.Nc3 d5 4.d4 Bg7 5.Bf4 c5 6.dxc5 Qa5 7.Qb3 dxc4 8.Qb5+ 
Qxb5 9.Nxb5 Na6 10.e3 Nd5 11.Be5 f6 12.Bd4 e5 13.Bxc4 Ndb4 14.Nd6+ Ke7 15.
O-O exd4 16.exd4 Nc7 17.Rfe1+ Kd7 18.Re2 Nbd5 19.Rae1 Kc6 20.Nxc8 Raxc8 
21.Re6+ Nxe6 22.Rxe6+ Kc7 23.Bxd5 Rhe8 24.Kf1 f5 25.Ke2 Rxe6+ 26.Bxe6 Re8 
27.d5 Bxb2 28.Kd3 Bf6 29.Nd4 a6 30.d6+ Kb8 31.d7 Rd8 32.Nb3 Kc7 33.Nd4 Be7
34.Nb3 b6 35.Kc4 bxc5 36.Na5 Kd6 37.Bd5 Kxd7 38.Bb7 Kc7 39.Bxa6 Kb6 40.Nb7
Rd4+ 0-1

[Event "5th Essent op"]
[Site "Hoogeveen NED"]
[Date "2001.10.14"]
[Round "3.5"]
[White "Wuts, Frank"]
[Black "Klinova, Masha"]
[Result "0-1"]
[WhiteElo "2297"]
[BlackElo "2407"]
[EventDate "2001.10.12"]
[PlyCount "120"]

1.d4 d6 2.c4 e5 3.e3 Nd7 4.Nc3 g6 5.Nf3 Bg7 6.h4 Ngf6 7.Bd3 Qe7 8.Nb5 Nf8 
9.dxe5 dxe5 10.b3 a6 11.Ba3 c5 12.Nc3 e4 13.Bb2 exd3 14.Nd5 Nxd5 15.Bxg7 
Nxe3 16.fxe3 Qxe3+ 17.Kf1 Rg8 18.Bf6 Bg4 19.Bg5 Qe2+ 20.Qxe2+ dxe2+ 21.
Kxe2 Nd7 22.Kf2 f6 23.Bf4 O-O-O 24.Bd6 Bxf3 25.gxf3 Rde8 26.Rad1 Re6 27.
Rd2 Rge8 28.Rb1 h6 29.b4 cxb4 30.Rxb4 g5 31.c5 Ne5 32.a4 h5 33.Kg3 Nc6 34.
Rb6 Rg8 35.Rdb2 Nd8 36.hxg5 fxg5 37.Rh2 h4+ 38.Kg4 Re1 39.Rhb2 Rg7 40.Bh2 
Rc1 41.Be5 Rc4+ 42.f4 Rg8 43.Kf5 Rxc5 44.fxg5 Nf7 45.Ke6 Rxe5+ 46.Kxf7 
Rexg5 47.Rh6 Rg4 48.Rh7 R8g6 49.a5 Rd6 50.Rh8+ Kc7 51.Rc2+ Rc6 52.Re2 Rf4+
53.Kg7 Rd6 54.Rc2+ Rc6 55.Re2 Rb4 56.Kf7 Rd4 57.Rh5 Rd7+ 58.Ke8 Rc4 59.Rh6
Rd8+ 60.Ke7 Rd5 0-1

[Event "5th Essent op"]
[Site "Hoogeveen NED"]
[Date "2001.10.14"]
[Round "3.7"]
[White "Markus, John Raymond"]
[Black "De Mie, Mariska"]
[Result "1-0"]
[WhiteElo "2253"]
[BlackElo "2161"]
[EventDate "2001.10.12"]
[PlyCount "85"]

1.d4 e6 2.Nf3 c5 3.e3 b6 4.Bd3 Bb7 5.O-O Nc6 6.a3 Nf6 7.c4 d5 8.b3 dxc4 9.
Bxc4 cxd4 10.exd4 Be7 11.Bb2 Nd5 12.Re1 O-O 13.Nbd2 Rc8 14.b4 Bd6 15.Qb3 
Bb8 16.Rad1 Nce7 17.Ne4 Nf5 18.Ng3 Nh4 19.Nxh4 Qxh4 20.Be2 Nf6 21.Rc1 Ng4 
22.Bxg4 Qxg4 23.Qd3 h5 24.Rxc8 Rxc8 25.Rc1 Rxc1+ 26.Bxc1 f5 27.f3 Qg6 28.
Ne2 Qe8 29.Bf4 Bxf4 30.Nxf4 g5 31.Ne2 Qa4 32.Qe3 Kf7 33.Qxg5 Qxa3 34.Qxh5+
Kf8 35.Qh8+ Ke7 36.Qg7+ Kd6 37.Qxb7 Qxb4 38.Kf2 a5 39.Qb8+ Ke7 40.Qb7+ Kf6
41.h4 a4 42.h5 a3 43.h6 1-0

[Event "5th Essent op"]
[Site "Hoogeveen NED"]
[Date "2001.10.14"]
[Round "3.9"]
[White "Mulyar, Michael A"]
[Black "Berelowitsch, Alexander"]
[Result "1-0"]
[WhiteElo "2428"]
[BlackElo "2512"]
[EventDate "2001.10.12"]
[PlyCount "79"]

1.e4 d6 2.d4 Nf6 3.f3 g6 4.c4 Bg7 5.Nc3 O-O 6.Be3 b6 7.Bd3 a6 8.Nge2 c5 9.
d5 e6 10.a4 exd5 11.cxd5 Nbd7 12.Nc1 Nh5 13.O-O f5 14.exf5 gxf5 15.f4 Ndf6
16.h3 Re8 17.Bd2 Qc7 18.Bc4 Ng3 19.Rf3 Nge4 20.N1e2 Qf7 21.Ng3 Kh8 22.Qc2 
Ra7 23.Re1 Rae7 24.Re2 Nxd2 25.Qxd2 Ne4 26.Qc2 Nxg3 27.Rxg3 Rxe2 28.Bxe2 
Bd4+ 29.Kh2 Be3 30.Rf3 Qf6 31.Bd3 Qd4 32.Ne2 Qb4 33.Bxf5 Qd2 34.Bxh7 Qxc2 
35.Bxc2 Bb7 36.Nc3 Bd4 37.Bd3 Re1 38.Bc4 Kg7 39.Ne2 Bxb2 40.Rb3 1-0

[Event "5th Essent op"]
[Site "Hoogeveen NED"]
[Date "2001.10.14"]
[Round "3.10"]
[White "Hulshof, Peter"]
[Black "Cako, Laszlo"]
[Result "1-0"]
[WhiteElo "2200"]
[BlackElo "2131"]
[EventDate "2001.10.12"]
[PlyCount "87"]

1.e4 e5 2.Nf3 Nc6 3.Bb5 a6 4.Bxc6 dxc6 5.O-O f6 6.d4 exd4 7.Nxd4 c5 8.Nb3 
Qxd1 9.Rxd1 Bd7 10.Bf4 O-O-O 11.Nc3 Be6 12.Rxd8+ Kxd8 13.Rd1+ Kc8 14.Nd5 
Bxd5 15.Rxd5 b6 16.c3 Ne7 17.Rd1 g5 18.Bg3 Ng6 19.Nd2 h5 20.h3 Rh7 21.Nc4 
Rd7 22.Rxd7 Kxd7 23.Ne3 Be7 24.Kf1 b5 25.c4 c6 26.Ke2 Bd6 27.Bxd6 Kxd6 28.
g3 Ke5 29.Kd3 Nf8 30.Nf5 Ne6 31.Ke3 bxc4 32.f3 a5 33.h4 c3 34.bxc3 c4 35.
Nd4 Nd8 36.f4+ gxf4+ 37.gxf4+ Kd6 38.Nf5+ Kc5 39.Ng7 Kb5 40.Nxh5 Ka4 41.
Nxf6 Ka3 42.Kd2 Kxa2 43.Kc2 Ne6 44.h5 1-0

[Event "5th Essent op"]
[Site "Hoogeveen NED"]
[Date "2001.10.14"]
[Round "3.11"]
[White "Van Doeland, Julius"]
[Black "Rooda, Kai P"]
[Result "1/2-1/2"]
[WhiteElo "2292"]
[BlackElo "2176"]
[EventDate "2001.10.12"]
[PlyCount "126"]

1.c4 e5 2.Nc3 Nc6 3.Nf3 d6 4.e3 Bg4 5.Be2 Nf6 6.h3 Be6 7.d4 exd4 8.exd4 d5
9.O-O Be7 10.Ne5 dxc4 11.Qa4 O-O 12.Nxc6 bxc6 13.Rd1 Nd5 14.Qxc6 Rb8 15.
Bf3 Rb6 16.Qa4 Nb4 17.a3 Ra6 18.Qb5 c6 19.Qe5 Bf6 20.Qe2 Nd3 21.Be3 Bxd4 
22.Rxd3 cxd3 23.Qxd3 Bxe3 24.Qxa6 Bb6 25.Rd1 Qg5 26.Ne4 Qe5 27.Qe2 Bd5 28.
Nc3 Qxe2 29.Bxe2 Bb3 30.Rd2 g6 31.Bf3 c5 32.g3 Kg7 33.Kg2 Rd8 34.Rxd8 Bxd8
35.Bd5 c4 36.Kf3 f5 37.Ke2 Kf6 38.Bg8 h6 39.h4 Ke5 40.Bf7 g5 41.hxg5 hxg5 
42.f3 Bb6 43.Bg6 Bc2 44.Kd2 Bd3 45.Bf7 f4 46.gxf4+ Kxf4 47.Bd5 Be3+ 48.Kd1
Ke5 49.Bg8 Bb6 50.Kd2 Kf4 51.Bd5 Ba5 52.b3 Ke5 53.b4 Bb6 54.Bb7 Bf2 55.a4 
Bg1 56.a5 Bf5 57.Ne2 Bf2 58.Nc3 Bd7 59.Ba8 Kd4 60.Ne2+ Ke5 61.Nc3 Bd4 62.
Bb7 Bf2 63.Ba8 Kd4 1/2-1/2

[Event "5th Essent op"]
[Site "Hoogeveen NED"]
[Date "2001.10.14"]
[Round "3.12"]
[White "Epishin, Vladimir"]
[Black "Van der Weide, Karel"]
[Result "1-0"]
[WhiteElo "2583"]
[BlackElo "2457"]
[EventDate "2001.10.12"]
[PlyCount "101"]

1.d4 Nf6 2.c4 c5 3.d5 b5 4.cxb5 a6 5.bxa6 g6 6.Nc3 Bxa6 7.g3 d6 8.Bg2 Bg7 
9.Nf3 Nbd7 10.Rb1 Nb6 11.Nh4 Nfd7 12.Qc2 Nc4 13.a3 Rb8 14.O-O Qa5 15.Bh3 
Rb7 16.b4 cxb4 17.Na2 b3 18.Rxb3 Rxb3 19.Qxb3 Nc5 20.Qb8+ Qd8 21.Qxd8+ 
Kxd8 22.Nb4 Bb7 23.Nf3 h6 24.e3 Kc7 25.Nd4 Ra8 26.Re1 Kd8 27.Bf1 Nb6 28.
Nbc6+ Ke8 29.e4 Ba6 30.Nb5 Bxb5 31.Bxb5 Kf8 32.h4 h5 33.Kg2 Bf6 34.Re3 
Nbd7 35.Bd2 Ne5 36.Bb4 Ng4 37.Re1 Na6 38.Ba5 Nb8 39.a4 Nxc6 40.dxc6 Rxa5 
41.c7 Ra8 42.Bd7 Ne5 43.c8=Q+ Rxc8 44.Bxc8 Ke8 45.a5 Kd8 46.Ba6 Nc6 47.Bc4
e6 48.a6 Bd4 49.Bb5 Na7 50.Ba4 e5 51.Rb1 1-0

[Event "5th Essent op"]
[Site "Hoogeveen NED"]
[Date "2001.10.14"]
[Round "3.13"]
[White "Stellwagen, Daniel"]
[Black "Hendriks, Richard V"]
[Result "1-0"]
[WhiteElo "2384"]
[BlackElo "2113"]
[EventDate "2001.10.12"]
[PlyCount "79"]

1.e4 e5 2.Nf3 Nc6 3.Bb5 f5 4.Nc3 fxe4 5.Nxe4 Nf6 6.Nxf6+ Qxf6 7.O-O Be7 8.
Bxc6 dxc6 9.Qe1 e4 10.Qxe4 Bf5 11.Qc4 O-O-O 12.d3 h6 13.Bf4 Be6 14.Qe4 
Rhf8 15.Qe5 Qxe5 16.Bxe5 Rf7 17.Nd2 Bc5 18.Ne4 Bb6 19.a4 a6 20.Kh1 g5 21.
f3 Rdf8 22.Rfe1 Bf5 23.h3 Rg8 24.Bh2 Bd4 25.c3 Bh8 26.Nf2 h5 27.g4 Bg6 28.
Kg2 c5 29.Ne4 Rgf8 30.Nxg5 Rf6 31.Ne6 R8f7 32.Nxc5 Rf8 33.f4 hxg4 34.hxg4 
b6 35.Ne4 R6f7 36.f5 Bxf5 37.gxf5 Rxf5 38.Rf1 Rg8+ 39.Bg3 Rd5 40.d4 1-0

[Event "5th Essent op"]
[Site "Hoogeveen NED"]
[Date "2001.10.14"]
[Round "3.15"]
[White "Bertholee, Rob"]
[Black "Span, Paul"]
[Result "1-0"]
[WhiteElo "2382"]
[BlackElo "2223"]
[EventDate "2001.10.12"]
[PlyCount "121"]

1.e4 e6 2.Nf3 d5 3.Nc3 Nf6 4.e5 Ne4 5.Ne2 Bc5 6.d4 Bb6 7.Ng3 c5 8.Bd3 cxd4
9.Nxe4 dxe4 10.Bxe4 Nd7 11.O-O Nc5 12.Re1 Nxe4 13.Rxe4 Qd5 14.Rg4 Bd7 15.
Rxg7 O-O-O 16.Bh6 Bc6 17.Qd3 Rdg8 18.a4 Bc5 19.Kf1 Qd7 20.b3 b5 21.Ng5 Qd5
22.Nf3 Qd7 23.Ng5 Qd5 24.f3 Qxe5 25.Nxf7 Qxh2 26.Nxh8 Rxg7 27.Bxg7 Qh1+ 
28.Kf2 Qxa1 29.axb5 Bd5 30.Nf7 Qh1 31.Bf6 Bb4 32.Qe2 Bc5 33.Qd3 Bb4 34.Qf1
Qh5 35.Ne5 Qf5 36.Nd3 Bc3 37.Be5 Be4 38.Qe2 Bd5 39.Bg3 h5 40.Qe5 Qxe5 41.
Bxe5 Kb7 42.Nf4 Kb6 43.Nxh5 Kxb5 44.Nf4 Bc6 45.Nxe6 Bd7 46.Nxd4+ Kc5 47.
Ke3 Kd5 48.Bf6 Be8 49.Kd3 Be1 50.f4 Bg6+ 51.f5 Bh5 52.c4+ Kd6 53.Nb5+ Kd7 
54.Bc3 Bf2 55.Bd4 Be1 56.Bxa7 Bd1 57.Nd4 Ke7 58.Ke4 Kf6 59.c5 Bf2 60.c6 
Bxd4 61.Bxd4+ 1-0

[Event "5th Essent op"]
[Site "Hoogeveen NED"]
[Date "2001.10.14"]
[Round "3.16"]
[White "Van der Wiel, John"]
[Black "Hernandez, Gustavo2"]
[Result "1-0"]
[WhiteElo "2495"]
[BlackElo "2265"]
[EventDate "2001.10.12"]
[PlyCount "77"]

1.e4 c5 2.Nf3 Nc6 3.d4 cxd4 4.Nxd4 g6 5.Be2 Bg7 6.Nb3 Nf6 7.Nc3 O-O 8.Bg5 
d6 9.O-O a6 10.f4 b5 11.Bf3 Bb7 12.Kh1 b4 13.Nd5 Nd7 14.a3 bxa3 15.Rxa3 
Re8 16.c3 Nb6 17.Nd2 Rb8 18.Qe2 Na7 19.Nb4 Nb5 20.Rxa6 Bxa6 21.Nxa6 Nc7 
22.Nxb8 Qxb8 23.Bg4 e6 24.Ra1 Qb7 25.Bf3 Ra8 26.Qd1 Qc6 27.Rxa8+ Qxa8 28.
Be7 Qc6 29.e5 d5 30.Qb3 Bf8 31.Bxf8 Kxf8 32.Qb4+ Kg8 33.Be2 Kg7 34.h4 Na4 
35.h5 h6 36.hxg6 Kxg6 37.Qf8 Qe8 38.Bd3+ Kh5 39.Qg7 1-0

[Event "5th Essent op"]
[Site "Hoogeveen NED"]
[Date "2001.10.14"]
[Round "3.18"]
[White "Visser, Yge"]
[Black "Jens, Jelmer"]
[Result "1-0"]
[WhiteElo "2453"]
[BlackElo "2318"]
[EventDate "2001.10.12"]
[PlyCount "67"]

1.e4 e6 2.d3 d5 3.Qe2 c5 4.Nf3 Nc6 5.g3 Nge7 6.h4 e5 7.c3 f6 8.Nbd2 d4 9.
Nb3 b6 10.Nfd2 Be6 11.f4 Qd7 12.f5 Bg8 13.g4 Nc8 14.a4 Rb8 15.Nc4 a6 16.
Qc2 b5 17.axb5 axb5 18.Nca5 Ra8 19.Bd2 Nxa5 20.Nxa5 Bd6 21.cxd4 exd4 22.
Bg2 Ra6 23.O-O Bf7 24.b4 O-O 25.bxc5 Qc7 26.Nb3 Rc6 27.cxd6 Bxb3 28.dxc7 
Rxc2 29.Bb4 Rf7 30.Ba5 Kf8 31.Rfb1 Ba4 32.Bf3 Ke8 33.Bd1 Rd2 34.Bxd2 1-0

[Event "5th Essent op"]
[Site "Hoogeveen NED"]
[Date "2001.10.14"]
[Round "3.19"]
[White "Guliev, Sarhan"]
[Black "Koster, Ramon H"]
[Result "1-0"]
[WhiteElo "2489"]
[BlackElo "2285"]
[EventDate "2001.10.12"]
[PlyCount "47"]

1.d4 Nf6 2.c4 g6 3.Nc3 d5 4.cxd5 Nxd5 5.g3 Bg7 6.Bg2 Nxc3 7.bxc3 c5 8.Nf3 
O-O 9.O-O Nc6 10.d5 Na5 11.Qd3 e6 12.d6 Bd7 13.Bg5 Qb6 14.Rab1 Qa6 15.Qxa6
bxa6 16.Nd2 Rac8 17.Be7 Rfe8 18.Nb3 Nc4 19.Bb7 Na3 20.Bxc8 Rxc8 21.Nxc5 
Nxb1 22.Nxd7 Nxc3 23.Nf6+ Bxf6 24.Bxf6 1-0

[Event "5th Essent op"]
[Site "Hoogeveen NED"]
[Date "2001.10.14"]
[Round "3.20"]
[White "Archangelsky, Mikhail"]
[Black "Jonkman, Harmen"]
[Result "0-1"]
[WhiteElo "2395"]
[BlackElo "2491"]
[EventDate "2001.10.12"]
[PlyCount "92"]

1.e4 e5 2.Nf3 Nc6 3.Bb5 Nf6 4.O-O Nxe4 5.d4 Nd6 6.Bxc6 dxc6 7.dxe5 Nf5 8.
Qxd8+ Kxd8 9.Nc3 h6 10.h3 Bd7 11.b3 Kc8 12.Bb2 b6 13.Rad1 Ne7 14.Rd2 c5 
15.Rfd1 Be6 16.Ne2 g5 17.h4 g4 18.Nh2 Kb7 19.Nf4 h5 20.Nxe6 fxe6 21.g3 Nf5
22.Kg2 b5 23.Nf1 Kc6 24.Rd3 Bh6 25.Nd2 Bxd2 26.R3xd2 Rae8 27.Rd3 Rhf8 28.
R1d2 Ne7 29.c4 a6 30.Kf1 Ng6 31.Re2 Rf5 32.Ke1 Ref8 33.Bc3 Rb8 34.cxb5+ 
axb5 35.Bb2 Ra8 36.Ba1 Ne7 37.Rdd2 Nd5 38.Re4 Rf3 39.Ree2 Rxb3 40.axb3 
Rxa1+ 41.Rd1 Rxd1+ 42.Kxd1 Nc3+ 43.Kd2 Nxe2 44.Kxe2 Kd5 45.f4 gxf3+ 46.
Kxf3 Kxe5 0-1

[Event "5th Essent op"]
[Site "Hoogeveen NED"]
[Date "2001.10.14"]
[Round "3.21"]
[White "Klenburg, Mikhail"]
[Black "Peng, Zhaoqin"]
[Result "1-0"]
[WhiteElo "2341"]
[BlackElo "2443"]
[EventDate "2001.10.12"]
[PlyCount "77"]

1.g3 e5 2.Bg2 Nf6 3.d3 d5 4.Nf3 Nc6 5.O-O Be7 6.c3 a5 7.Qc2 O-O 8.Nbd2 b6 
9.Re1 Ba6 10.b3 Qd7 11.Bb2 Rad8 12.a3 Rfe8 13.c4 Bc5 14.cxd5 Nxd5 15.Rac1 
Bb7 16.Qb1 Nf6 17.Nc4 Ng4 18.e3 f6 19.h3 Nh6 20.Red1 Bf8 21.d4 e4 22.Ne1 
Na7 23.Nd2 Qe7 24.Qc2 Rd7 25.Bf1 Bd5 26.Ng2 g5 27.Bc4 c6 28.Nb1 Qe6 29.Kh2
Bd6 30.Qe2 Qe7 31.a4 Nf7 32.Nc3 Bxc4 33.bxc4 Bb4 34.Qh5 Nd6 35.Na2 Qf7 36.
Qe2 Ra8 37.Nxb4 axb4 38.c5 Ndc8 39.Qg4 1-0

[Event "5th Essent op"]
[Site "Hoogeveen NED"]
[Date "2001.10.14"]
[Round "3.22"]
[White "Magomedov, Magaram"]
[Black "Riazantsev, Alexander"]
[Result "1/2-1/2"]
[WhiteElo "2608"]
[BlackElo "2500"]
[EventDate "2001.10.12"]
[PlyCount "47"]

1.e4 c6 2.d4 d5 3.e5 Bf5 4.Nc3 a6 5.Nce2 e6 6.f4 c5 7.Be3 Qb6 8.dxc5 Bxc5 
9.Bxc5 Qxc5 10.Nd4 Qb4+ 11.Kf2 Nh6 12.Be2 Nc6 13.Ngf3 Qxb2 14.Rb1 Qc3 15.
Rxb7 Ng4+ 16.Kg3 Ne3 17.Qb1 O-O 18.Nxc6 Qxc6 19.Qb6 Qxb6 20.Rxb6 Bxc2 21.
Rc1 a5 22.Kf2 Ng4+ 23.Kg3 Ne3 24.Kf2 1/2-1/2

[Event "5th Essent op"]
[Site "Hoogeveen NED"]
[Date "2001.10.14"]
[Round "3.23"]
[White "Van Kooten, Luuk"]
[Black "Roberts, Paul"]
[Result "1-0"]
[WhiteElo "2252"]
[BlackElo "2155"]
[EventDate "2001.10.12"]
[PlyCount "107"]

1.d4 Nf6 2.c4 g6 3.Nc3 d5 4.Nf3 Bg7 5.Bf4 O-O 6.Rc1 c5 7.dxc5 Qa5 8.cxd5 
Rd8 9.Qd2 Nxd5 10.Nxd5 Qxd2+ 11.Bxd2 Rxd5 12.e4 Rd8 13.Bc3 Be6 14.Bxg7 
Kxg7 15.Bc4 Bd7 16.Ne5 Be8 17.Ke2 f6 18.Nd3 a5 19.Nf4 Bf7 20.Bxf7 Kxf7 21.
Rhd1 Rxd1 22.Rxd1 Na6 23.Rc1 g5 24.Nd3 Nb4 25.Nxb4 axb4 26.Rc4 Rxa2 27.
Rxb4 Ra5 28.Rc4 Ra2 29.Rc2 Ke6 30.Kd3 Ra1 31.Kc4 Kd7 32.b4 h5 33.Rd2+ Kc7 
34.e5 fxe5 35.Re2 Rg1 36.g3 Rg2 37.Rxe5 Rxf2 38.Rxe7+ Kc8 39.Re5 h4 40.
Rxg5 h3 41.Kb5 Rxh2 42.Rg8+ Kc7 43.Rg7+ Kc8 44.Rh7 Rh1 45.Kb6 h2 46.b5 Kd8
47.g4 Kc8 48.g5 Rg1 49.Rxh2 Rxg5 50.Rh8+ Kd7 51.Rh7+ Kc8 52.Rc7+ Kb8 53.
Rxb7+ Ka8 54.Rd7 1-0

[Event "5th Essent op"]
[Site "Hoogeveen NED"]
[Date "2001.10.15"]
[Round "4.2"]
[White "Span, Paul"]
[Black "Wuts, Frank"]
[Result "1-0"]
[WhiteElo "2223"]
[BlackElo "2297"]
[EventDate "2001.10.12"]
[PlyCount "127"]

1.c4 e6 2.Nc3 d5 3.cxd5 exd5 4.d4 Nf6 5.Bg5 c6 6.e3 Nbd7 7.Bd3 Bb4 8.Ne2 
h6 9.Bh4 O-O 10.Qc2 Qa5 11.O-O Re8 12.a3 Bd6 13.b4 Qc7 14.Bg3 Ng4 15.Nb5 
cxb5 16.Qxc7 Bxc7 17.Bxc7 a6 18.Nc3 Ngf6 19.a4 bxa4 20.b5 Re6 21.Rxa4 Nb6 
22.Raa1 g6 23.Na4 Nxa4 24.Rxa4 Ne8 25.Bf4 Kg7 26.bxa6 bxa6 27.Ra5 Bb7 28.
Rb1 Re7 29.Rb6 Bc8 30.Rxd5 a5 31.Rb8 Rxb8 32.Bxb8 a4 33.h3 Rb7 34.Rb5 Re7 
35.Ra5 Rb7 36.Be5+ f6 37.Bg3 Bd7 38.Bc2 Kf8 39.Ra8 Bc6 40.Ra6 Bb5 41.Ra8 
Bc6 42.Bxg6 Rb3 43.Ra7 a3 44.Bxe8 Kxe8 45.Bd6 Rb1+ 46.Kh2 Rb2 47.Bxa3 Rxf2
48.Re7+ Kd8 49.Rg7 f5 50.Bd6 Be4 51.h4 h5 52.Bf4 Kc8 53.Kg1 Rd2 54.Kf1 Kd8
55.Rg5 Ke7 56.Rxh5 Bxg2+ 57.Ke1 Rd1+ 58.Kxd1 Bf3+ 59.Kd2 Bxh5 60.Kd3 Bf7 
61.e4 Kf6 62.d5 Kg6 63.Kd4 Kh5 64.e5 1-0

[Event "5th Essent op"]
[Site "Hoogeveen NED"]
[Date "2001.10.15"]
[Round "4.5"]
[White "Peek, Maurice"]
[Black "Rooda, Kai P"]
[Result "1-0"]
[WhiteElo "2309"]
[BlackElo "2176"]
[EventDate "2001.10.12"]
[PlyCount "49"]

1.d4 Nc6 2.d5 Ne5 3.e4 e6 4.dxe6 dxe6 5.Qxd8+ Kxd8 6.f4 Nd7 7.Nc3 e5 8.Bc4
f6 9.Nf3 Bd6 10.g3 Ne7 11.Be3 Nb6 12.Bb3 Bg4 13.fxe5 Bxf3 14.exd6 Bxh1 15.
dxe7+ Kxe7 16.Kf2 Bxe4 17.Nxe4 Nd7 18.Bf4 f5 19.Ng5 Kf6 20.Ne6 c6 21.Rd1 
Ne5 22.Rd6 Nf7 23.Rd7 g5 24.Bd2 Nd8 25.Bxg5+ 1-0

[Event "5th Essent op"]
[Site "Hoogeveen NED"]
[Date "2001.10.15"]
[Round "4.6"]
[White "Jonkman, Harmen"]
[Black "Gofshtein, Leonid D"]
[Result "1-0"]
[WhiteElo "2491"]
[BlackElo "2513"]
[EventDate "2001.10.12"]
[PlyCount "79"]

1.e4 d6 2.d4 Nf6 3.Nc3 g6 4.f4 Bg7 5.Nf3 c5 6.dxc5 Qa5 7.Bd3 Qxc5 8.Qe2 
Bg4 9.Be3 Qa5 10.O-O Nc6 11.h3 Bxf3 12.Qxf3 O-O 13.a3 Nd7 14.Bd2 Rac8 15.
Kh1 Qd8 16.Rad1 a6 17.Qg3 Na5 18.Nd5 Nc4 19.Bxc4 Rxc4 20.e5 Nc5 21.Bb4 Qe8
22.Rfe1 Ne4 23.Qf3 f5 24.exf6 Nxf6 25.Qb3 b5 26.Nb6 Qf7 27.Nxc4 bxc4 28.
Qf3 Nh5 29.g3 Bxb2 30.c3 a5 31.Bxa5 Bxa3 32.Kg2 e5 33.Qd5 exf4 34.g4 f3+ 
35.Kh2 Nf4 36.Qxf7+ Rxf7 37.Rf1 Ne2 38.Bb6 Nxc3 39.Ra1 Nb5 40.Kg3 1-0